LEADER 01385nam a2200289 4500 001 000000332849 003 CaOOAMICUS 005 20190404190125.0 008 190315s it 000 u ita r 020 $a978-88-7898-161-4 040 $aSeMil$bita 245 10$aOltre il foyer :$bpersone e fatti che hanno reso grandi gli Amici della Scala /$ca cura di Giorgio Vitali e Carlo Rizzi. 264 1$aMilano :$bAmici della Scala ;$aParma :$bGrafiche Step,$c2018. 300 $a223 p. :$bill. ;$c31 cm 500 $aIn testa al front. : 40 anni degli Amici della Scala. 541 1 $aFondo mons. Mario Delpini 650 4$aMilano - Teatro alla Scala.$0(OLS)http://semarc/subject/16765 700 1 $aVitali, Giorgio,$d<1922- >.$0(OLS)http://semarc/name/79590 700 1 $aRizzi, Carlo,$cdirettore d'orchestra,$d<1960->.$0(OLS)http://semarc/name/109164 850 $aSeMil 852 $aSeMil$W1$xVenegono$y1$m3Q VI 110$j213410$B226017$CSeMilBibl$Z2$F226017 $81 941 1 $a7 996 $6020$a978-88-7898-161-4$9(OLS)http://semarc/number/286785 996 $6245$aOltre il foyer :$bpersone e fatti che hanno reso grandi gli Amici della Scala$9(OLS)http://semarc/title/421973 996 $6264$aMilano :$bAmici della Scala$9(OLS)http://semarc/publisher/47416 996 $6264$aParma :$bGrafiche Step$9(OLS)http://semarc/publisher/48162 LEADER 01293nam a2200253 i 4500 001 000000169149 003 CaOOAMICUS 005 20080212000000.0 008 080212s2003 it u000 u ita u 013 $a146552 040 $aSeMil$bita 100 1 $aBarzaghi, Anna.$0(OLS)http://semarc/name/63448 245 12$aL'antropologia nel pensiero di Edith Stein :$bdall'empatia alla filosofia sociale /$cTesi di Magistero in Scienze Religiose di Anna Barzaghi ; Ch.mo Prof. Carla Bettinelli. 260 $a[S.l. :$bs.n.,$c2003] 300 $a245 c. ;$c30 cm. 500 $aIn testa al front. : Istituto Superiore di Scienze Religiose di Milano. - A pič del front. : Anno Accademico 2002-2003. 650 4$aTesi di laurea.$0(OLS)http://semarc/subject/1690 650 4$aStein, Edith - Pensiero antropologico.$0(OLS)http://semarc/subject/32240 700 1 $aBettinelli, Carla.$0(OLS)http://semarc/name/15667 850 $aSeMil 852 $aSeMil$W1$xVenegono$y1$m4X VI 7$j120114$B120114$CSeMilBibl$Z2$F131394 $8L 961 $aOmaggio: Altro 996 $6245$aL'antropologia nel pensiero di Edith Stein :$bdall'empatia alla filosofia sociale$9(OLS)http://semarc/title/241901 996 $6260$a[S.l. :$bs.n.$9(OLS)http://semarc/publisher/31686